Loading...
Nalini
| Format: | Printed Book |
|---|---|
| Subjects: |
| LEADER | 00427nam a22001097a 4500 | ||
|---|---|---|---|
| 082 | |a 894.M1 |b NAL | ||
| 245 | |a Nalini | ||
| 650 | |a മലയാളം;പദ്യം, കവിത, പാട്ടുകള് |9 312672 | ||
| 650 | |a Malayalam;Poetry |9 312673 | ||
| 942 | |c BK | ||
| 999 | |c 75683 |d 75683 | ||
| 952 | |0 0 |1 0 |4 0 |6 894_000000000000000_M1_NAL |7 0 |8 POE |9 88962 |a MAL |b MAL |d 2017-03-27 |e TE2253 |l 0 |o 894.M1 NAL |p MALTE002253 |r 2017-03-27 |t 1 |w 2017-03-27 |y BK | ||